000 01401nab a22002417a 4500
999 _c5743
_d5743
003 OSt
005 20260101203239.0
008 190514b xxu||||| |||| 00| 0 spa d
040 _cPJ
100 _96661
_aComoglio, María Julia
245 1 0 _aViolencia de género económica en contexto de divorcio. Los lentes violetas en una decisión platense /
_cMaría Julia Comoglio.
300 _ap. 100-109
500 _aCita: TR LALEY AR/DOC/455/2025.
505 _aSumario: I. Introducción.— II. El caso platense bajo la lupa.— III. Género y dinero.— IV. Constitucionalización y convencionalización del derecho privado: herramientas para la igualdad de género.— V. Ganancialidad, deudas y derecho a recompensa.— VI. El abordaje de los casos "en contexto".— VII. Colaboración en la producción de la prueba. El valor del silencio.— VIII. Reflexiones finales.
505 _aFallo comentado: Civ. y Com. Nro. 25, La Plata ~ 14/04/2023 ~ I., E. N. s/ divorcio vincular por presentación conjunta.
650 0 _9967
_aDERECHO DE FAMILIA
650 0 _9977
_aDIVORCIO
650 0 _93053
_aVIOLENCIA DE GÉNERO
650 0 _aVIOLENCIA ECONÓMICA
_95360
650 0 _91057
_aJURISPRUDENCIA APLICABLE
773 0 _02844
_93222
_dBuenos Aires : AbeledoPerrot, 1989-
_tDerecho de familia. Revista Interdisciplinaria de doctrina y jurisprudencia. Abril 2025-II.
_z18511201
942 _2udc
_cANA